Chrono-Logique: Monuments Célèbres - Statistiques

Statistiques générales
  • Ce quiz a été pris 108 839 fois
  • Le résultat moyen est 4 sur 11
Réponses sur la Carte
Les réponses sont colorées sur une échelle allant du rouge au vert en fonction du pourcentage des utilisateurs qui les ont devinées à leur premier essai. Vous pouvez retrouver ces pourcentages ci-dessous.
 
Statistiques - réponses
Réponse % Correct
Tour Eiffel
74%
Burj Khalifa
66%
Empire State Building
49%
Opéra de Sydney
42%
Cité Interdite
41%
Taj Mahal
34%
Maison Blanche
32%
Tours Petronas
32%
Big Ben
29%
Cathédrale Saint-Basile (Moscou)
25%
Tour de Pise
20%
Aucun quiz correspondant
Distribution des résultats
% des personnes avec chaque résultat
Percentile par nombre de réponses
Votre historique - résultats
Vous n’avez pas pris ce quiz